000 00582nam a2200205 u 4500
001 63151
005 20180714065447.0
008 150702s1999 mx r 000 0 spa d
020 _a968-23-2198-1
082 _a861.4
_bAGUI
100 1 _aAguilera Díaz, Gaspar,
_eautor
245 1 4 _aLos ritos del obseso.
250 _aPrimera edición
264 _aMéxico :
_bSiglo Veintiuno
_c1999
300 _a226 páginas ;
_c21 cm.
336 _atexto
_2rdacontent
337 _asin mediación
_2rdamedia
338 _avolumen
_2rdacarrier
490 1 _aEl pez soluble
999 _c63151
_d63151